Las aventuras de Tom Sawyer
Saved in:
| Hovedforfatter: | |
|---|---|
| Format: | Bog |
| Sprog: | spansk |
| Udgivet: |
Madrid
Jorge A. Mestas
2009
|
| Udgivelse: | 6a. ed |
| Serier: | El Barco de Papel, 3
|
| Fag: | |
| Tags: |
Tilføj Tag
Ingen Tags, Vær først til at tagge denne postø!
|
MARC
| LEADER | 00000cam a2200000 a 4500 | ||
|---|---|---|---|
| 001 | UCC8754 | ||
| 003 | CL-VaPUC | ||
| 005 | 20250313121433.0 | ||
| 008 | 190814e20090000sp |||||||||||||||||spa|d | ||
| 999 | |c 375005 |d 375003 | ||
| 020 | |a 9788495311023 | ||
| 040 | |c Pontificia Universidad Católica de Valparaíso | ||
| 082 | 0 | 4 | |a 813 TWA 2009 |2 21 |
| 100 | 0 | |a Twain, Mark |e author |9 243 | |
| 245 | 1 | 4 | |a Las aventuras de Tom Sawyer |
| 250 | |a 6a. ed | ||
| 260 | |a Madrid |b Jorge A. Mestas |c 2009 | ||
| 300 | |a 250 p | ||
| 490 | 0 | |a El Barco de Papel, 3 | |
| 583 | |a last modification |c 20190814 14:59:00 |k Rodrigo Vera | ||
| 650 | 0 | |a Literatura infantil estadounidense |9 317168 |x Cuentos | |
| 942 | |c BK |2 ddc | ||
| 945 | |d 20190814 14:59:00 |a dcastane | ||
| 952 | |0 0 |1 0 |3 erb |4 0 |6 813_000000000000000_TWA_2009 |7 0 |8 A |9 493826 |a BIBEDU |b BIBEDU |i 5558336 |o 813 TWA 2009 |p 5558336 |r 2019-11-24 |w 2019-11-24 |y BK |z Catalogado en:20190814 |k EBA | ||
| 952 | |0 0 |1 0 |3 erb |4 0 |6 813_000000000000000_TWA_2009 |7 0 |8 A |9 493827 |a BIBEDU |b BIBEDU |i 5558344 |l 2 |m 1 |o 813 TWA 2009 |p 5558344 |r 2024-11-08 |s 2024-11-05 |w 2019-11-24 |y BK |z Catalogado en:20190814 |k EBA | ||
| 952 | |0 0 |1 0 |3 erb |4 0 |6 813_000000000000000_TWA_2009 |7 0 |8 A |9 493828 |a BIBEDU |b BIBEDU |i 5558352 |o 813 TWA 2009 |p 5558352 |r 2019-11-24 |w 2019-11-24 |y BK |z Catalogado en:20190814 |k EBA | ||